<?xml version="1.0" encoding="UTF-8"?>
<record
    xmlns:xsi="http://www.w3.org/2001/XMLSchema-instance"
    xsi:schemaLocation="http://www.loc.gov/MARC21/slim http://www.loc.gov/standards/marcxml/schema/MARC21slim.xsd"
    xmlns="http://www.loc.gov/MARC21/slim">

  <leader>01125nam a22002537a 4500</leader>
  <controlfield tag="001">9611</controlfield>
  <controlfield tag="003">FISKH</controlfield>
  <controlfield tag="005">20260126101127.0</controlfield>
  <controlfield tag="008">260126b        cb ||||| |||| 00| 0 eng d</controlfield>
  <datafield tag="020" ind1=" " ind2=" ">
    <subfield code="a">9780575081406</subfield>
  </datafield>
  <datafield tag="040" ind1=" " ind2=" ">
    <subfield code="a">FISKH</subfield>
    <subfield code="b">eng</subfield>
    <subfield code="c">FISKH</subfield>
    <subfield code="d">FISKH</subfield>
  </datafield>
  <datafield tag="050" ind1=" " ind2=" ">
    <subfield code="a">PS3618 .O8685 .N36</subfield>
  </datafield>
  <datafield tag="082" ind1=" " ind2=" ">
    <subfield code="a">813.6</subfield>
  </datafield>
  <datafield tag="100" ind1=" " ind2=" ">
    <subfield code="a">Rothfuss, Patrick</subfield>
    <subfield code="e">Author</subfield>
  </datafield>
  <datafield tag="245" ind1=" " ind2=" ">
    <subfield code="a">The name of the wind /</subfield>
    <subfield code="c">Patrick Rothfuss</subfield>
  </datafield>
  <datafield tag="260" ind1=" " ind2=" ">
    <subfield code="a">London :</subfield>
    <subfield code="b">Gollancz ,</subfield>
    <subfield code="c">2007</subfield>
  </datafield>
  <datafield tag="300" ind1=" " ind2=" ">
    <subfield code="a">661 pages :</subfield>
    <subfield code="c">20 cm</subfield>
  </datafield>
  <datafield tag="490" ind1=" " ind2=" ">
    <subfield code="a">The kingkiller chronicle :</subfield>
    <subfield code="v">1</subfield>
  </datafield>
  <datafield tag="520" ind1=" " ind2=" ">
    <subfield code="a">The tale of Kvothe, from his childhood in a troupe of traveling players to years spent as a near-feral orphan in a crime-riddled city to his daringly brazen yet successful bid to enter a difficult and dangerous school of magic. In these pages, you will come to know Kvothe as a notorious magician, an accomplished thief, a masterful musician, and an infamous assassin. But this book is so much more, for the story it tells reveals the truth behind Kvothe's legend.</subfield>
  </datafield>
  <datafield tag="650" ind1=" " ind2=" ">
    <subfield code="a">Adventure </subfield>
    <subfield code="v">Coming of age </subfield>
  </datafield>
  <datafield tag="650" ind1=" " ind2=" ">
    <subfield code="a">Demons </subfield>
    <subfield code="v">Dragons</subfield>
  </datafield>
  <datafield tag="942" ind1=" " ind2=" ">
    <subfield code="2">ddc</subfield>
    <subfield code="c">BK</subfield>
    <subfield code="n">0</subfield>
  </datafield>
  <datafield tag="999" ind1=" " ind2=" ">
    <subfield code="c">9611</subfield>
    <subfield code="d">9611</subfield>
  </datafield>
  <datafield tag="952" ind1=" " ind2=" ">
    <subfield code="0">0</subfield>
    <subfield code="1">0</subfield>
    <subfield code="2">ddc</subfield>
    <subfield code="4">0</subfield>
    <subfield code="7">0</subfield>
    <subfield code="8">FIC</subfield>
    <subfield code="a">002</subfield>
    <subfield code="b">002</subfield>
    <subfield code="c">SBS</subfield>
    <subfield code="d">2026-01-26</subfield>
    <subfield code="l">2</subfield>
    <subfield code="o">ROT 813.6 PS3618 .O8685 .N36</subfield>
    <subfield code="p">2026-0127</subfield>
    <subfield code="r">2026-03-24 13:51:21</subfield>
    <subfield code="s">2026-03-17</subfield>
    <subfield code="t">1</subfield>
    <subfield code="w">2026-01-26</subfield>
    <subfield code="y">BK</subfield>
  </datafield>
</record>
